Culture and society; (Record no. 3538)

MARC details
000 -LEADER
fixed length control field 00518nam a22001937a 4500
003 - CONTROL NUMBER IDENTIFIER
control field OSt
005 - DATE AND TIME OF LATEST TRANSACTION
control field 20160414135947.0
008 - FIXED-LENGTH DATA ELEMENTS--GENERAL INFORMATION
fixed length control field 160414b xxu||||| |||| 00| 0 eng d
020 ## - INTERNATIONAL STANDARD BOOK NUMBER
International Standard Book Number 0333460391
040 ## - CATALOGING SOURCE
Transcribing agency DDC.
082 ## - DEWEY DECIMAL CLASSIFICATION NUMBER
Classification number 306CUL 1991.
100 ## - MAIN ENTRY--PERSONAL NAME
Personal name Billington,Rosamund;[al.......et]
9 (RLIN) 7896
245 ## - TITLE STATEMENT
Title Culture and society;
260 ## - PUBLICATION, DISTRIBUTION, ETC. (IMPRINT)
Place of publication, distribution, etc. London.
Name of publisher, distributor, etc. Macmillan Press LTD.
Date of publication, distribution, etc. 1991.
300 ## - PHYSICAL DESCRIPTION
Extent x,221p;
Other physical details ill;
Dimensions 20cm.
504 ## - BIBLIOGRAPHY, ETC. NOTE
Bibliography, etc includes bibliography and index.
650 ## - SUBJECT ADDED ENTRY--TOPICAL TERM
Topical term or geographic name as entry element Culture.
9 (RLIN) 7897
942 ## - ADDED ENTRY ELEMENTS (KOHA)
Source of classification or shelving scheme Dewey Decimal Classification
Koha item type Short Loan
Holdings
Withdrawn status Lost status Source of classification or shelving scheme Damaged status Not for loan Home library Current library Date acquired Source of acquisition Inventory number Total Checkouts Full call number Barcode Date last seen Price effective from Koha item type
    Dewey Decimal Classification     MUST Main Library MUST Main Library 14/04/2016   03/18047   306CUL 1991. 2016-0876. 14/04/2016 14/04/2016 Short Loan
    Dewey Decimal Classification     MUST Main Library MUST Main Library 14/04/2016   03/18046   306CUL 1991. 2016-0877 14/04/2016 14/04/2016 Short Loan